000 00769cab a2200241 4500
001 ABS56769
008 090401t1997 xxu||||| |||| 00| 0 eng d
035 _a(Sirsi) u77520
041 _aeng
100 _aLee, M.
245 4 _aThe fine art of accommodation
260 _c1997
350 _a0
490 _aProperty Week
_v58(11) 21 March 1997, 24(1)
520 _aExamines the importance of motivating staff in practice management. The necessity to set goals, allow participation in decision-making and providing challenges as well as rewards.
650 _aMOTIVATION
650 _aPARTNERS
650 _aPRACTICE MANAGEMENT
650 _aSTAFF
690 _aMANAGEMENT-BUSINESS MANAGEMENT-PROFESSIONAL PRACTICE
942 _n0
948 _c03/04/1997
999 _c48743
_d48743